| 000 | 00434nam a2200169Ia 4500 | ||
|---|---|---|---|
| 008 | 230524s9999 xx 000 0 und d | ||
| 020 | _a9780070087989 | ||
| 082 |
_a670 _bRAO |
||
| 100 | _aP N Rao | ||
| 245 | 0 | _aManufacturing Technology Volume-2 (Metal cutting and Machine Tools) | |
| 250 | _a2 | ||
| 260 |
_aNew Delhi _bMGH _c2012 |
||
| 300 | _a"x,489p;" | ||
| 500 | _aQuantity Number: 85 | ||
| 650 | _aMechanics | ||
| 942 | _cBK | ||
| 999 |
_c51870 _d51870 |
||